Grammar Quiz #7 - Statistics

General Stats
  • This quiz has been taken 200 times
    186 since last reset
  • The average score is 10 of 12
Answer Stats
Question Answer % Correct
What's it like to live in ___? New Delhi
100%
Which of these phrases can be a correct sentence? I am going to the restaurant
95%
___ a long way from Phoenix to Milwaukee. It's
95%
___ the party tomorrow? When's
95%
I am doing very __ in my netball training. Well
86%
I __ her that I was a good student. Assured
82%
I ___ her dress. Complimented
82%
The ___ are coming to our dinner party. Johnsons
77%
Which of these sentences demonstrates the use of an Oxford comma? Mary mixed the flour, sugar, butter, and eggs in a bowl.
77%
Visit the __ page if you have any questions. FAQs
73%
She is __ on the lounge. Lying
68%
Which sentence is correct? (In formal writing) For what are we here?
45%
No matching quizzes found
Score Distribution
Percent of People with Each Score
Percentile by Number Answered
Your Score History
You have not taken this quiz since the last reset